000 00668nam a2200289Ia 4500
005 20260324120334.0
008 008 260324s9999 xx 000 0 eng d
020 _a9780429256721
037 _aEBOOK
040 _aCRL
040 _beng
040 _cCRL
041 _2eng
041 _aeng
084 _qCRL
100 _aMarvin T. Howell
_91157460
245 4 _aThe Results Facilitator
245 0 _bExpert, Manager, Mentor
260 _bTaylor and Francis
260 _c2015
365 _a
365 _b290
856 _uhttp://www.taylorfrancis.com/books/9780429256721
942 _cEBOOK
999 _c1749658
_d1749658